000 00698nam a2200205Ii 4500
003 JO-AjNU
008 230605s9999||||xx |||||||||||||| ||und||
017 _a2003/19022
040 _aJO-AjNU
_bara
_erda
_cJO-AjNU
041 _aara
050 1 4 _aQA551 2003
100 3 _aتاليف السلمي، نصار,
_eauthor
_910444
245 0 0 _aالهندسة التحليلية في الفراغ
264 3 1 _aالقاهرة: دار طيبة للنشر والتوزيع للتجهيزات العلمية، 2003
300 _a203ص
336 _atext
_btxt
_2rdacontent
337 _aunmediated
_bn
_2rdamedia
338 _avolume
_bnc
_2rdacarrier
650 4 _aالهندسة التحليلية
_910445
999 _aA1809
_c5377
_d5377